| 000 | 01357pam a2200361 a 4500 | ||
|---|---|---|---|
| 090 | _c10128 | ||
| 001 | 3981573 | ||
| 005 | 19960524124132.6 | ||
| 008 | 951122s1996 nyua b 001 0 eng | ||
| 010 | _a 95050820 | ||
| 020 | _a0077090683 (pbk. : alk. paper) | ||
| 040 |
_aDLC _cDLC _dDLC |
||
| 043 | _ae-uk-en | ||
| 050 | 0 | 0 |
_aHB615 _b.D43 1996 |
| 082 | 0 | 0 |
_a338.04 _220 _bDEA |
| 100 | 1 |
_aDeakins, David, _d1950- |
|
| 245 | 1 | 0 |
_aEntrepreneurship and small firms / _cDavid Deakins. |
| 260 |
_aLondon ; _aNew York : _bMcGraw-Hill, _cc1996. |
||
| 300 |
_axi, 248 p. : _bill. ; _c25 cm. |
||
| 500 | _aDonations. | ||
| 500 | _aDonations - David Kirby. | ||
| 504 | _aIncludes bibliographical references and index. | ||
| 650 | 0 | _aEntrepreneurship. | |
| 650 | 0 |
_aSmall business _xManagement. |
|
| 650 | 0 |
_aSmall business _zGreat Britain. |
|
| 650 | 0 |
_aEntrepreneurship _zGreat Britain. |
|
| 650 | 0 | _aNew business enterprises. | |
| 650 | 0 |
_aNew business enterprises _zGreat Britain. |
|
| 906 |
_a7 _bcbc _corignew _d1 _eocip _f19 _gy-gencatlg |
||
| 942 |
_2ddc _cARCH |
||
| 999 |
_c10128 _d10128 |
||